Statistics for James Cameron Movies

Click here to take the quiz!

General Stats

  • This quiz has been taken 19,520 times
  • The average score is 4 of 8

Answer Stats

YearMovie% Correct
2009Avatar
95%
1997Titanic
94%
1984The Terminator
53%
1991Terminator 2: Judgment Day
48%
1986Aliens
40%
1989The Abyss
29%
1994True Lies
22%
1981Piranha Part Two: The Spawning
15%

Score Distribution

Percentile by Number Answered

Percent of People with Each Score

Your Score History

You have not taken this quiz